Energetický soběstačný dům - realita či fikce?

Saved in:
Bibliographic Details
Main Author: Srdečný, Karel (Author)
Format: Book
Language:Czech
Published: Brno : ERA, 2007
Edition:2.aktualizované vyd.
Subjects:
Tags: Add Tag
No Tags, Be the first to tag this record!

MARC

LEADER 00000nam a22000003a 4500
001 stu163602
005 20150617230000.9
008 080516s2007----xr------------------cze-d
020 |a 978-80-7366-103-8 
040 |a STU  |b slo 
041 0 |a cze 
044 |a xr 
080 |a 697.1 
100 1 |a Srdečný, Karel  |4 aut 
245 1 |a Energetický soběstačný dům - realita či fikce? 
250 |a 2.aktualizované vyd. 
260 |a Brno :  |b ERA,  |c 2007 
300 |a 92 s.;obr 
650 7 |a nízkoenergetický dom  |2 stusub 
650 7 |a úspory energie  |2 stusub 
650 7 |a energia alternatívna  |2 stusub 
996 |b 284AU04780  |c A*7345 U  |l AAKNAR  |s A  |a 24  |w stu163602_0001 
996 |b 284V030654  |c V*49863/O-22124  |l VVT  |s A  |a 24  |w stu163602_0002